Pays les plus peuplés - 3 vies - Statistiques

Statistiques générales
  • Ce quiz a été pris 188 fois
    13 depuis la dernière actualisation
  • Le résultat moyen est 15 sur 20
Statistiques - réponses
Population Country % Correct
1.43 milliard Chine
100%
350 millions États Unis
100%
1.46 milliard Inde
100%
285 millions Indonésie
100%
212 millions Brésil
92%
123 millions Japon
92%
144 millions Russie
92%
131 millions Mexique
83%
235 millions Nigeria
83%
253 millions Pakistan
83%
116 millions Philippines
75%
84.4 millions Allemagne
67%
117 millions Égypte
67%
111 millions R.D.Congo
67%
175 millions Bangladesh
58%
134 millions Éthiopie
58%
71.6 millions Thaïlande
58%
92.0 millions Iran
50%
87.6 millions Turquie
50%
101 millions Vietnam
42%
Aucun quiz correspondant
Distribution des résultats
% des personnes avec chaque résultat
Percentile par nombre de réponses
Votre historique - résultats
Vous n’avez pas pris ce quiz depuis la dernière actualisation